Možnosti aplikácie vybraných modelov hospodárskej politiky v SR diplomová práca

Saved in:
Bibliographic Details
Main Author: Hudcovský, Martin, 1988-
Corporate Author: Národohospodárska fakulta EU. Katedra hospodárskej politiky
Other Authors: Fifeková, Elena
Format: Book
Language:Slovak
Published: Bratislava 2012
Tags: Add Tag
No Tags, Be the first to tag this record!

MARC

LEADER 00000nbm a2200000 4500
001 0153376
005 20161109102108.9
041 0 |a slo 
044 |a SK 
245 1 0 |a Možnosti aplikácie vybraných modelov hospodárskej politiky v SR  |b diplomová práca  |c Martin Hudcovský ; školiteľ: Elena Fifeková 
264 1 |a Bratislava  |c 2012 
300 |a 79 s. 
100 1 |a Hudcovský, Martin, 1988- 
700 1 |a Fifeková, Elena 
710 2 |a Národohospodárska fakulta EU. Katedra hospodárskej politiky